| 000 | 00450 a2200145 4500 | ||
|---|---|---|---|
| 001 | ART_51850 | ||
| 005 | 20260410161632.0 | ||
| 008 | 260409a | ||
| 245 | 1 | 0 | _aSeguridad de la información de costos soportada en plataformas de TI |
| 100 | 1 | _aSardi, Jorge Carlos | |
| 700 | 1 | _aCaravallo, Nicolás Andrés | |
| 700 | 1 | _aCastelnuovo, Nicolás | |
| 700 | 1 | _aDrezek, Xoana I. | |
| 773 | 0 |
_tEnfoques _g- N°12 (dic. 2020) _wREV416 |
|
| 999 |
_c12556 _d12556 |
||